000 00664nam a22002417a 4500
003 UA-OsUOA
001 102410
007 ta
008 20130912b un ||||| |||| 00| 0 ukr d
100 _aСафонова Л. Д.
090 _a336.14:658
_bС21
942 _cBK
040 _aUA-OsUOA
_bukr
_cUA-OsUOA
_dUA-OsUOA
245 _aБюджетний менеджмент
_bнавч.-метод. посібник для самост. вивч. дисц.
300 _a186 с.
955 _a2
041 _aukr
080 _a336.14:658
020 _a966-574-206-Х
260 _aК.
_bКНЕУ
_c2001
650 7 _a336 Фінанси
_2UDC
999 _c365491
_d365491